| 000 | 00642nam a2200253Ia 4500 | ||
|---|---|---|---|
| 005 | 20250425161812.0 | ||
| 008 | 250425s9999 xx 000 0 und d | ||
| 020 | _a0030551544 | ||
| 041 | _aeng | ||
| 082 | _a004.21 | ||
| 100 | _aMCLEOD, RAYMOND, JR. | ||
| 245 | 0 | _aSYSTEMS ANALYSIS AND DESIGN: AN ORGANIZATIONAL APPROACH | |
| 250 | _aS.E. | ||
| 260 |
_aEstados Unidos _bTHE DRYDEN PRESS _c1994 |
||
| 260 | _aNEW YORK | ||
| 300 | _a804 | ||
| 650 | _aANALISIS DE SISTEMAS | ||
| 650 | _aDIAGRAMAS | ||
| 650 | _aDISEÑO DE SISTEMAS | ||
| 650 | _aPROGRAMA DE COMPUTADORA | ||
| 710 | _aDRYDEN | ||
| 942 | _c01 | ||
| 010 | _a30250 | ||
| 999 |
_c216408 _d216408 |
||